Servei local de teleassistència més autonomia per a les persones més autonomia per a les persones
Descripción Física:
1 ventall : il·lustracions ; 20 x 25 cm
Idioma:
Catalán
MARC
| LEADER | 00000nrm a2200000 a 4500 | ||
|---|---|---|---|
| 001 | 25523 | ||
| 008 | 220517b spa||||| |||| 00| 0 cat d | ||
| 080 | |a NBM-13-111 | ||
| 245 | |a Servei local de teleassistència |h [Ventall] : |b més autonomia per a les persones | ||
| 260 | |a Barcelona : |b Diputació de Barcelona, |c 2018 | ||
| 300 | |a 1 ventall : |b il·lustracions ; |c 20 x 25 cm | ||
| 650 | 0 | |a Persones grans |x Atenció domiciliària |z Barcelona (Catalunya : Província) |9 50379 | |
| 655 | 0 | |9 52933 |a Ventalls | |
| 710 | 1 | |a Barcelona (Catalunya : Província). |b Diputació |9 52408 | |
| 942 | |2 udc |n 1 | ||
| 952 | |0 0 |1 0 |4 0 |6 NBM13111 |7 0 |9 61714 |a Arxiu |b Arxiu |d 2022-05-17 |l 0 |o NBM-13-111 |p 25523 |r 2022-05-17 00:00:00 |w 2022-05-17 |y ARXIU | ||
| 999 | |c 81601 |d 81601 | ||